000
00301nam a2200121Ia 4500
008
190802s9999 xx 000 0 und d
020
_a
969-503-013-0
100
_a
Qazi Abdus Sattar
245
0
_a
Khalid Bin Waleed Raziullah Anho
260
_a
Lahore
_b
Al-Faisal
_c
2008
300
_a
231:p
942
_c
BK
999
_c
2425
_d
2425